Score 0/30 Timer 05:00
3 Plays Today
% Correct
Michigan
93.4%
Florida State
93.1%
Texas
92.1%
Georgia Tech
91.4%
Arizona
91.4%
Georgetown
90.9%
UNC
90.2%
Columbia
87.3%
Oregon
87.2%
Yale
86.1%
Tulane
85.8%
Navy
85.6%
Notre Dame
85.5%
Alabama
85%
Vanderbilt
83.2%
% Correct
Penn State
82%
Baylor
81.8%
BYU
80.3%
Rice
80%
Marquette
76.9%
Colorado State
76.2%
Northwestern
76.2%
Virginia Tech
75.6%
Oklahoma
75.4%
Iowa State
74.7%
Kansas
74.4%
Wyoming
73.7%
Rutgers
71.9%
Ohio
58.2%
Marshall
55.7%
Remove Ads.
Support Sporcle.
Get the best of Sporcle when you Go Orange. This ad-free experience offers more features, more stats, and more fun while also helping to support Sporcle. Thank you for becoming a member.

You're not logged in!

Compare scores with friends on all Sporcle quizzes.
OR
Log In

Show Comments

Extras

Top Quizzes Today


Score Distribution

Your Account Isn't Verified!

In order to create a playlist on Sporcle, you need to verify the email address you used during registration. Go to your Sporcle Settings to finish the process.

Report this User

Report this user for behavior that violates our Community Guidelines.

Details: